000 00421nam a2200181Ia 4500
005 20250423095316.0
008 250422s9999 xx 000 0 und d
020 _a978-1-4082-6667-0
050 _aKN 390 .H3/
100 _aHarrison, Rita D”alton-Harrison
245 0 _aEvidence [Q@A]
260 _aEngland
260 _bPearson
260 _c2012
300 _a265 p
650 _aEvidence (Law)
942 _cBK
999 _c29878
_d29878